00355nam a2200097Ia 4500008004100000020001500041100002700056245011000083260004500193300001900238180219s9999 xx 000 0 und d a9715131506 aMacDermott, Barbara L. cDeglin, Judith HopferaUnderstanding basic pharmacology :bpractical approaches for effective application aMalabon City :bGUIANI print housec1994 avii, 546 pages